000 00690nam a2200229 a 4500
001 58691
003 BD-RjUL
005 20211209080640.0
008 161219s2000 ii b 001 0 eng d
020 _a8171009360
035 _a(BD-RjUL)58815
040 _aANL
_beng
_cBD-RjUL
_dBD-RjUL
041 _aeng
082 _223
_a320.9591
_bMAY 2000
245 0 0 _aMyanmar :
_bgovernment and politics /
_cedited by Verinder Grover.
260 _aNew Delhi :
_bDeep & Deep Publications,
_c2000.
300 _axii, 752 p. ;
_c22 cm.
504 _aIncludes bibliographical and index.
650 _aPolitics and government.
_zBurma
_9174451
700 1 _aGrover, Verinder.
_9171767
942 _2ddc
_cBK
999 _c58691
_d58691